LEADER 00785nam a2200205 i 4500 001 000000227796 003 CaOOAMICUS 005 20140310000000.0 008 140310s1867 it u000 u lat u 013 $a206698 040 $aSeMil$bita 245 10$aTomus 10. 300 $aXI, 627 p. 500 $aFondo Bidoglio. 773 0 $aBonaventura : da Bagnorea $tS.R.E. Cardinalis s. Bonaventurae opera omnia Sixti 5. pontificis maximi iussu diligentissime emendata.$bEditio accurate recognita ...$dParisiis : L. Vivès, 1864-1871.$g10$w()29522 850 $aSeMil 852 $aSeMil$W1$xVenegono$y1$m2N VII 10 FA$j178142$B178142$CSeMilBibl$Z2$F188941 $8I 941 1 $a2 961 $aLascito: Bidoglio don Maurizio 996 $6245$aTomus 10$9(OLS)http://semarc/title/308144 LEADER 00949nam a2200229 i 4500 001 000000030571 003 CaOOAMICUS 005 20240926123956.0 008 180830s1897 it u000 u ita u 040 $aSeMil$bita 100 1 $aWebber, Edward.$0(OLS)http://semarc/name/14078 245 10$aDizionario tecnico in quattro lingue /$cIng. Edoardo Webber. 260 $aMilano :$bUlrico Hoepli,$c1897. 300 $a4 v. ;$c16 cm. 490 1 $aManuali Hoepli 500 $aPosseduto solo il vol. 1. 650 4$aTermini tecnici - Dizionari poliglotti.$0(OLS)http://semarc/subject/4882 774 0 $tItaliano, francese, inglese.$b3. ed. aumentata di oltre 5000 termini tecnici.$kManuali Hoepli$g1$w()65650 830 0$aManuali Hoepli.$0(OLS)http://semarc/title/7639 996 $6245$aDizionario tecnico in quattro lingue$9(OLS)http://semarc/title/41622 996 $6260$aMilano :$bUlrico Hoepli$9(OLS)http://semarc/publisher/29765